000 00566nam a2200169 i 4500
001 79702
003 ES-MaACL
005 20230906174032.0
007 t|
008 041022s1961 sp ||||1| spa d
100 1 _aHerrera y Reissig, Julio.
_963250
245 1 0 _aPoesías completas y páginas en prosa /
_cJulio Herrera y Reissig ; edición, estudio preliminar y notas de Roberto Bula Piriz.
260 _aMadrid :
_bAguilar,
_c1961.
300 _a922 p. :
_bretr. aut. ;
_c14 cm.
700 1 _aBula Piriz, Roberto.
_932491
852 _aES-MaACL
_jC-20876
_bR.49261
999 _c79702
_d79702